000 00827nam a2200229Ii 4500
003 JO-AjNU
008 230605s9999||||xx |||||||||||||| ||und||
017 _a2006/2/376
040 _aJO-AjNU
_bara
_erda
_cJO-AjNU
041 _aara
050 1 4 _aDS119.76.A412 2006
100 3 _aتاليف عميت، تسفيكى؛ ترجمة عقيلي، بدر,
_eauthor
_98057
245 0 0 _aانقلاب عسكري في إسرائيل: الاحتمالات والواقع
250 _aط1
264 3 1 _aع،مان: دار الجليل للنشر،2006
300 _a249ص
336 _atext
_btxt
_2rdacontent
337 _aunmediated
_bn
_2rdamedia
338 _avolume
_bnc
_2rdacarrier
490 0 _aتصورات اسرائيلية
650 4 _aاسرائيل- فلسطين - الظروف السياسية- الصهونية
_98058
999 _aA594
_c4162
_d4162